000 005790000a22001810004500
003 MACL
005 20160205113400.0
008 160205b xxu||||| |||| 00| 0 eng d
040 _aMACL
_cMACL
041 _aHindi
082 _a020
100 _aभार्गव डॉ जी डी
_936948
245 _aग्रन्‍थालय वर्गीकरण
260 _bपघ्‍यप्रदेश हिन्‍दी ग्रन्‍थ
_c1971
_aउज्‍जैन
350 _a15
650 _aLibrary & Inf Science
_936940
942 _cHIN
_k020
_2ddc
999 _c26206
_d26206